| 000 | 00339nam a2200121Ia 4500 | ||
|---|---|---|---|
| 008 | 230907s9999||||xx |||||||||||||| ||und|| | ||
| 082 |
_a621.4022 _bCEN |
||
| 100 | _aÇengel, Yunus A. | ||
| 245 | 0 | _aHeat and mass transfer : | |
| 260 |
_aMcGraw-Hill Education (India) Pvt Ltd. _bNew Delhi : _c2016 |
||
| 300 | _axxii, 944 p. : | ||
| 942 | _cBK | ||
| 999 |
_c601412 _d601412 |
||